00677cam a2200205 4500001000500000005001700005008003900022010001700061020002500078082001400103100003900117245008600156250001200242260003700254300003300291504004100324650003300365650003300398700004000431786020181127184523.0111117s2012 nyua b 000 0 eng a 2011046723 a9780393913408 (pbk.)00a363.7223 aStavins, Robert N.bcdeeditorq00aEconomics of the environment :bselected readings /cedited by Robert N. Stavins. a6th ed. aNew York :bW.W. Norton,cc2012. axv, 733 p. :bill. ;c24 cm. aIncludes bibliographical references. 0aEnvironmental policyxCosts. 0aPollutionxEconomic aspects.1 aStavins, R. N.q(Robert N.),d1948-